载入...

മസ്‌നവി/

ആറു വോള്യങ്ങളിലായി ഇരുപത്തിയേഴായിരത്തോളം വരികളുള്‍ക്കൊള്ളുന്നതും പതിമൂന്നാം ശതകത്തില്‍ പാഴ്‌സിഭാഷയില്‍ സൂഫികവി ജലാലുദ്ദീന്‍ റൂമി രചിച്ചതുമായ മസ്‌നവി എന്ന ബൃഹദ്ഗ്രന്ഥത്തില്‍ നിന്നുള്ള ആദ്യത്തെ നാനൂറില്‍പ്പരം വരികളുടെ പദ്യപരിഭാഷയും വിശദമായ ആസ്വാദനവും...

全面介绍

书目详细资料
主要作者: റൂമി, ജലാലുദ്ദീൻ
其他作者: Rumi, Jalaluddin, Hamsa, C,Tr
格式: Printed Book
出版: Kozhikode Mathrubhumi Books 2017
主题:
LEADER 01352nam a22001937a 4500
020 |a 9788182671621 
082 |a 891.5511  |b RUM-M 
100 |a റൂമി, ജലാലുദ്ദീൻ . 
245 |a മസ്‌നവി/ 
260 |a Kozhikode  |b Mathrubhumi Books  |c 2017 
300 |a 158p. 
520 |a ആറു വോള്യങ്ങളിലായി ഇരുപത്തിയേഴായിരത്തോളം വരികളുള്‍ക്കൊള്ളുന്നതും പതിമൂന്നാം ശതകത്തില്‍ പാഴ്‌സിഭാഷയില്‍ സൂഫികവി ജലാലുദ്ദീന്‍ റൂമി രചിച്ചതുമായ മസ്‌നവി എന്ന ബൃഹദ്ഗ്രന്ഥത്തില്‍ നിന്നുള്ള ആദ്യത്തെ നാനൂറില്‍പ്പരം വരികളുടെ പദ്യപരിഭാഷയും വിശദമായ ആസ്വാദനവും 
650 |a Poetry- Modern Persian literature 
650 |a Malayalam translation 
700 |a Rumi, Jalaluddin  
700 |a Hamsa, C,Tr. 
942 |c BK 
999 |c 51883  |d 51883 
952 |0 0  |1 0  |4 0  |6 891_551100000000000_RUMM  |7 0  |9 65734  |a KU  |b KU  |c GEN  |d 2018-06-20  |e Ad.D2/5736/2013 dtd.24/11/2017  |g 150.00  |l 0  |o 891.5511 RUM-M  |p CL02582  |r 2018-06-20  |y BK